|
LDR
| 01932cam a2200541 a 4500 |
|---|
| 001 | 13835 |
|---|
| 003 | CZ-PrJAB |
|---|
| 005 | 20191125134809.0 |
|---|
| 007 | ta |
|---|
| 008 | 140506s1987 it a e 000 0dcze |
|---|
| 020 | | . |
‡q(Brož.) |
|---|
| 035 | | . |
‡a(CZ PrNK)zpk20142588720 |
|---|
| 040 | | . |
‡aABD064
‡bcze
‡dABD064
‡dABA001 |
|---|
| 043 | | . |
‡ae-xr--- |
|---|
| 045 | | . |
‡aq-x- |
|---|
| 072 | | 7. |
‡a27
‡xKřesťanství. Křesťanská církev všeobecně. Eklesiologie
‡2Konspekt
‡95 |
|---|
| 072 | | 7. |
‡a929
‡xBiografie
‡2Konspekt
‡98 |
|---|
| 080 | | . |
‡a27-36-055.2
‡2MRF |
|---|
| 080 | | . |
‡a27-789.32-055.2
‡2MRF |
|---|
| 080 | | . |
‡a929
‡2MRF |
|---|
| 080 | | . |
‡a27-558.6
‡2MRF |
|---|
| 080 | | . |
‡a27-36-5
‡2MRF |
|---|
| 080 | | . |
‡a7.04
‡2MRF |
|---|
| 080 | | . |
‡a27-36
‡2MRF |
|---|
| 080 | | . |
‡a(437.3)
‡2MRF |
|---|
| 080 | | . |
‡a(048.8)
‡2MRF |
|---|
| 080 | | . |
‡a(093)
‡2MRF |
|---|
| 100 | 1 | . |
‡aNěmec, Jaroslav,
‡d1932-2012
‡7ola2002110240
‡4aut |
|---|
| 245 | 1 | 0. |
‡aÚcta a proces svatořečení Anežky České /
‡cJaroslav Němec |
|---|
| 260 | | . |
‡aŘím :
‡bPostulazione Generale OFM Conv.,
‡c1987 |
|---|
| 300 | | . |
‡a154 s. :
‡bil. ;
‡c19 cm |
|---|
| 504 | | . |
‡aObsahuje bibliografii a bibliografické odkazy |
|---|
| 600 | 0 | 7. |
‡aAnežka Česká,
‡csvatá,
‡d1205-1282
‡7jn20000720008
‡2czenas |
|---|
| 648 | | 7. |
‡a13. století
‡7ch460551
‡2czenas |
|---|
| 648 | | 7. |
‡a14. století
‡7ch460552
‡2czenas |
|---|
| 648 | | 4. |
‡a1874 |
|---|
| 648 | | 7. |
‡a19. století
‡7ch460557
‡2czenas |
|---|
| 648 | | 7. |
‡a13.-20. století
‡7ch757060
‡2czenas |
|---|
| 650 | 0 | 7. |
‡akřesťanské světice
‡7ph122127
‡zČesko
‡y13. století
‡2czenas |
|---|
| 650 | 0 | 7. |
‡aklarisky
‡7ph138560
‡zČesko
‡y13. století
‡2czenas |
|---|
| 650 | 0 | 7. |
‡abeatifikace
‡7ph114132
‡y19. století
‡2czenas |
|---|
| 650 | 0 | 7. |
‡akult svatých
‡7ph138466
‡y13.-20. století
‡2czenas |
|---|
| 650 | 0 | 7. |
‡aumělecké náměty
‡7ph138227
‡y13.-20. století
‡2czenas |
|---|
| 650 | 0 | 7. |
‡ahagiografie
‡7ph120634
‡y14. století
‡2czenas |
|---|
| 655 | | 7. |
‡astudie
‡7fd133597
‡2czenas |
|---|
| 655 | | 7. |
‡aprameny
‡7fd131865
‡2czenas |
|---|
| 910 | | . |
‡aABG312 |
|---|
| 995 | | . |
‡aska |
|---|
| 901 | | . |
‡a13835
‡bCZ PrNK
‡c13835
‡tbiblio |
|---|